000 00639nam a22001697a 4500
999 _c61630
_d61630
005 20240402162935.0
008 240402s2018 tu ||||| |||| 00| 0 tur d
020 _a9786052097014x
041 _atur
080 _a811.512.161 (075) Y-40
245 _aYedi İklim Türkçe :
_bTürkçe öǧretim seti : Çalışma kitabı. C1 /
_cİbrahim Gültekin, Mahir Kalfa, İbrahim Atabey, Filiz Mete, Aydan Eryiğit, Uğur Kılıç.
264 _aAnkara,
_bYunus Emre Enstitüsü,
_c2018.
300 _a91 p.
_b il.;
_c30 cm.
653 _aთურქული ენა |
653 _a სამუშაო წიგნი
942 _2udc
_cBK